| 000 | 00839cam a2200277 i 4500 | ||
|---|---|---|---|
| 001 | 4432680 | ||
| 003 | ARRUPE | ||
| 005 | 20150325171509.0 | ||
| 008 | 780316s1978 cau 000 0 eng | ||
| 010 | _a77020444 | ||
| 020 | _a0060628316 | ||
| 035 | _a(OCoLC)3870394 | ||
| 035 | _a(OCoLC)ocm03870394 | ||
| 035 | _a(NNC)4432680 | ||
| 040 |
_aDLC _cDLC _dNNUT |
||
| 050 | 0 |
_aBV4501.2 _b.F655 1978 |
|
| 090 |
_aBV4501.2 _b.F655 1978 |
||
| 100 | 1 |
_aFoster, Richard J. _916533 |
|
| 245 | 1 | 0 |
_aRichard J. Foster's Study Guide for Celebration of discipline : _cRichard J. Foster. |
| 260 |
_aSan Francisco : _bHarper & Row, _cc1978. |
||
| 300 |
_axii, 78 p. ; _c21 cm. |
||
| 600 |
_aFoster, Richard J. Celebration of Discipline _916534 |
||
| 650 | 0 |
_aSpiritual life _xQuaker authors. _916535 |
|
| 942 |
_2lcc _cMONOGRAPH |
||
| 999 |
_c122488 _d122488 |
||